Catálogo

La prohibición de mentir / (Registro nro. 63201)

Detalles MARC
000 -LEADER
fixed length control field 00695nam a2200241 u 4500
001 - CONTROL NUMBER
control field 63201
005 - DATE AND TIME OF LATEST TRANSACTION
control field 20180714065530.0
008 - FIXED-LENGTH DATA ELEMENTS--GENERAL INFORMATION
fixed length control field 150709s1998 mx r 000 0 spa d
020 ## - INTERNATIONAL STANDARD BOOK NUMBER
International Standard Book Number 9682321077
040 ## - CATALOGING SOURCE
Description conventions rda
041 0# - LANGUAGE CODE
Language code of text/sound track or separate title spa
082 0# - DEWEY DECIMAL CLASSIFICATION NUMBER
Classification number 177.3
Item number PER
100 1# - MAIN ENTRY--PERSONAL NAME
Personal name Pérez Cortés, Sergio,
Relator term autor
245 13 - TITLE STATEMENT
Title La prohibición de mentir /
Statement of responsibility, etc. por Sergio Pérez Cortés.
250 ## - EDITION STATEMENT
Edition statement Primera edición
264 #1 - PRODUCTION, PUBLICATION, DISTRIBUTION, MANUFACTURE, AND COPYRIGHT NOTICE
Place of production, publication, distribution, manufacture México, D.F. :
Name of producer, publisher, distributor, manufacturer Siglo Veintiuno Editores,
Date of production, publication, distribution, manufacture, or copyright notice 1998
300 ## - PHYSICAL DESCRIPTION
Extent 185 páginas ;
Dimensions 21 cm.
336 ## - CONTENT TYPE
Content type term texto
Source rdacontent
337 ## - MEDIA TYPE
Media type term sin mediaición
Source rdamedia
338 ## - CARRIER TYPE
Carrier type term volumen
Source rdacarrier
490 0# - SERIES STATEMENT
Series statement Teoría
650 #4 - SUBJECT ADDED ENTRY--TOPICAL TERM
Topical term or geographic name entry element Verdad y mentira
Existencias
Withdrawn status Lost status Source of classification or shelving scheme Damaged status Not for loan Collection code Home library Current library Shelving location Date acquired Source of acquisition Total Checkouts Full call number Barcode Date last seen Price effective from Koha item type Inventory number
    Dewey Decimal Classification     General Biblioteca Karol Wojtyla Biblioteca Karol Wojtyla Sala general 26/04/2017 Compra   177.3 PER 1998 96763 05/01/2026 26/04/2017 Libro 151000000000000000062728
    Dewey Decimal Classification     General Tehuacán Tehuacán Sala general 09/07/2015 Compra   177.3 PER 1998 509844 08/01/2025 09/07/2015 Libro